000
00329nam a2200133Ia 4500
005
20251222155156.0
008
251222s9999||||xx |||||||||||||| ||spa||
082
_a
ESC.111
100
_a
Balcázar F.
245
0
_a
Psicología comunitaria para la promoción de la Salud
250
_a
Nº ed.
264
_b
OPS/OMS
942
_c
LIB
999
_c
39746
_d
39746